| 000 | 004230000a22001570004500 | ||
|---|---|---|---|
| 003 | MACL | ||
| 005 | 20160204133916.0 | ||
| 008 | 160204b xxu||||| |||| 00| 0 eng d | ||
| 040 |
_aMACL _cMACL |
||
| 041 | _aHindi | ||
| 082 | _a020/SHA | ||
| 100 |
_aशास्त्री द्धारकाप्रसाद _936886 |
||
| 245 | _aभूमिका | ||
| 650 |
_aLibrary & Science _957 |
||
| 942 |
_cHIN _k020 _2ddc |
||
| 999 |
_c27098 _d27098 |
||